Diseño de estaciones repetidoras para el sistema móvil aeronáutico R VHF en bajas altitudes para la ruta aeronáuticas de Managua a Puerto Cabezas
Presenta un servicio móvil aeronáutico que está reservado para las comunicaciones relativas a la seguridad y regularidad de los vuelos, principalmente en las rutas nacionales, el proyecto se enfoca en la ruta aeronáutica que va desde Managua hacia Puerto Cabezas.
| Main Authors: | , |
|---|---|
| Other Authors: | |
| Format: | Tesis Section = Libro |
| Language: | Undetermined Spanish |
| Published: |
Managua
IES-UNI
2018
|
| Subjects: |
| LEADER | 01191nam a2200277Ia 4500 | ||
|---|---|---|---|
| 008 | 240830s9999 xx 000 0 und d | ||
| 040 | |a BIBLIOTECA-RUSB/ Mon 005.133 L864 | ||
| 041 | |a spa | ||
| 082 | |a Mon 005.133 L864 | ||
| 100 | 1 | |a López Dávila, Luz Marlee | |
| 100 | 1 | |b Herrera Castillo, Elías Emmanuel | |
| 245 | 1 | 0 | |a Diseño de estaciones repetidoras para el sistema móvil aeronáutico R VHF en bajas altitudes para la ruta aeronáuticas de Managua a Puerto Cabezas |
| 260 | |a Managua |b IES-UNI |c 2018 | ||
| 300 | |a 92 p. :il. | ||
| 500 | |a Contiene: anexos y CD. | ||
| 502 | |a Tesis (Ingeniero en Telecomunicaciones) - IES-UNI, 2018. | ||
| 520 | 3 | |a Presenta un servicio móvil aeronáutico que está reservado para las comunicaciones relativas a la seguridad y regularidad de los vuelos, principalmente en las rutas nacionales, el proyecto se enfoca en la ruta aeronáutica que va desde Managua hacia Puerto Cabezas. | |
| 650 | 7 | |a APLICACION MOVIL | |
| 650 | 7 | |b SISTEMA- DISEÑO | |
| 650 | 7 | |c PROGRAMACION | |
| 650 | 7 | |d RUTA AERONAUTICA | |
| 650 | 7 | |e ONDAS | |
| 700 | 1 | |a Tutor: |b Torre Parrales, Cedrick Dalla | |
| 942 | |c BK |2 ddc | ||
| 991 | |a TESIS | ||
| 999 | |c 19712 | ||